ARC Raiders Guns - Statistics

General Stats
  • This quiz has been taken 194 times
  • The average score is 16 of 21
Answer Stats
Rarity Ammo Type Answer % Correct
Common Heavy Ferro
93%
Common Light Stitcher
93%
Common Medium Rattler
89%
Uncommon Heavy Anvil
88%
Epic Light Bobcat
85%
Common Light Kettle
85%
Uncommon Shotgun Il Toro
81%
Rare Medium Venator
75%
Uncommon Light Burletta
74%
Epic Launcher Hullcracker
74%
Rare Medium Renegade
72%
Epic Medium Tempest
72%
Rare Medium Osprey
71%
Common Light Hairpin
69%
Legendary Energy Jupiter
66%
Epic Shotgun Volcano
66%
Legendary Energy Aphelion
65%
Legendary Energy Equalizer
65%
Rare Medium Torrente
65%
Uncommon Medium Arpeggio
60%
Epic Heavy Bettina
60%
No matching quizzes found
Score Distribution
Percent of People with Each Score
Percentile by Number Answered
Your Score History
You have not taken this quiz